Rǧimen legal y fiscal del fideicomiso 2020

Detalles Bibliográficos
Autor principal: Luna Guerra, Antonio
Formato: eBook
Lenguaje:español
Publicado: Ciudad de Mx̌ico: Ediciones Fiscales ISEF, 2020
Materias:
Acceso en línea:Acceso restringido

MARC

LEADER 00000nam a22000007a 4500
005 20200528000346.0
007 cr|||| ||||
008 200528s2020 mx |||||s|||| 00||0 spa d
020 |a 978-607-541-214-6 
035 |a 31496 
040 |a vLex 
090 |c 10417  |d 10417 
100 1 |a Luna Guerra, Antonio 
245 1 0 |a Rǧimen legal y fiscal del fideicomiso 2020  |h [Recurso electrn̤ico] /  |c Antonio Luna Guerra 
256 |a Servicio en ln̕ea 
260 |a Ciudad de Mx̌ico:  |b Ediciones Fiscales ISEF,  |c 2020 
300 |a 1 recurso electrn̤ico 
500 |a Conozca a travš de esta obra, el tratamiento y la diversidad del FIDEICOMISO ya que la mayora̕ de las operaciones gubernamentales en Mx̌ico son mediante esta figura. 
506 1 |a Disponible solo en los productos indicados  |d vLex Global  |d vLex Global (Academic Edition, excluding Law Schools)  |d vLex Global (U.S. Academic Edition, Law Schools)  |d vLex Global (U.S. Academic Edition, excluding Law Schools)  |d vLex Global (Academic Edition, Law Schools) 
650 0 4 |a Derecho Fiscal  |z Mx̌ico 
740 0 |a vLex Libros (Servicio en ln̕ea) 
856 4 0 |u http://vlex.com/source/regimen-legal-y-fiscal-del-fideicomiso-2020-31496  |z Acceso restringido 
942 |c BOOK 
999 0 |a Tax Law